Surimi and Surimi seafood
Gespeichert in:
| Weitere Verfasser: | |
|---|---|
| Format: | Buch |
| Sprache: | Englisch |
| Veröffentlicht: |
Boca Ratón
CRC Press
2014
|
| Ausgabe: | 3a. ed |
| Schlagworte: | |
| Tags: |
Tag hinzufügen
Keine Tags, Fügen Sie den ersten Tag hinzu!
|
MARC
| LEADER | 00000cam a2200000 a 4500 | ||
|---|---|---|---|
| 001 | UCE9221 | ||
| 003 | CL-VaPUC | ||
| 008 | 151009e20140000us |||||||||||||||||eng|d | ||
| 020 | |a 9781439898574 | ||
| 082 | 0 | 4 | |a 639.2 |b PAR |2 21 |
| 100 | |a Park, Jae W. |e editor |9 581982 | ||
| 245 | 1 | 0 | |a Surimi and Surimi seafood |
| 250 | |a 3a. ed | ||
| 300 | |a 652 p | ||
| 942 | |c BK | ||
| 945 | |d 20151009 15:17:00 |a dcastane | ||
| 260 | |a Boca Ratón |b CRC Press |c 2014 | ||
| 650 | 7 | |a PESCA COMERCIAL |2 CL-VaPUC |9 581983 | |
| 650 | 7 | |a SURIMI |2 CL-VaPUC |9 259871 | |
| 650 | 7 | |a SURIMI DE PESCADO |2 CL-VaPUC |9 581984 | |
| 583 | |a last modification |c 20151009 15:17:00 |k Rodrigo Vera | ||
| 999 | |c 360898 |d 360896 | ||
| 952 | |0 0 |1 0 |3 erd |4 0 |6 639_200000000000000_PAR_2014 |7 0 |8 A |9 471161 |a BIBALI |b BIBALI |c GEN |i 5242266 |o 639.2 PAR 2014 |p 5242266 |r 2025-01-20 |w 2019-11-24 |y BK |z Catalogado en:20151009 |k ALI | ||